Statistics for Χώρες που αρχίζουν από Α

Click here to take the quiz!

General Stats

  • This quiz has been taken 1 402 times
  • The average score is 12 of 20

Answer Stats

Απάντηση% Correct
Αλβανία
88%
Αυστραλία
87%
Αυστρία
84%
Αρμενία
78%
Αλγερία
77%
Αζερμπαϊτζάν
75%
Αργεντινή
75%
Ανδόρα
75%
Αφγανιστάν
67%
Ανγκόλα
65%
Αίγυπτος
58%
Αιθιοπία
52%
Άγιος Μαρίνος
50%
Αγία Λουκία
46%
Αϊτή
45%
Αντίγκουα και Μπαρμπούντα
40%
Άγιος Βικέντιος και Γρεναδίνες
37%
Άγιος Χριστόφορος και Νέβις
35%
Ακτή Ελεφαντοστού
33%
Ανατολικό Τιμόρ
31%

Score Distribution

Percentile by Number Answered

Percent of People with Each Score

Your Score History

You have not taken this quiz